| 000 | 00683nam a22001937a 4500 | ||
|---|---|---|---|
| 999 |
_c60986 _d60986 |
||
| 005 | 20231204143340.0 | ||
| 008 | 231204s1997 ru ||||| |||| 00| 0 rus d | ||
| 020 | _a5300011835 | ||
| 041 | _arus | ||
| 080 | _a930(37).85 P-51 | ||
| 245 |
_aРим: Эхо имперской славы / _cПеревод с англ. Т. Азаркович. |
||
| 264 |
_a М.: _bТерра - Terra, _c1997. |
||
| 300 |
_a168 с.: _bил.; _c27 см. |
||
| 440 |
_aЭнциклопедия «Исчезнувшие цивилизации» _920564 |
||
| 653 | _aრომი | ||
| 653 | _aიმპერატორი ადრიანე | ||
| 653 | _aისტორია | ||
| 942 |
_2udc _cBK |
||